| 000 | 01224cam a2200325 a 4500 | ||
|---|---|---|---|
| 999 |
_c478673 _d478673 |
||
| 001 | 3908554 | ||
| 003 | NUST | ||
| 005 | 20180703052840.0 | ||
| 008 | 910205s1991 cau b 001 0 eng | ||
| 010 | _a 91065170 | ||
| 020 | _a0804719446 | ||
| 038 | _aazhar | ||
| 040 |
_aDLC _cDLC _dDLC |
||
| 050 | 0 | 0 |
_aHM131 _b.G398 1991 |
| 082 | 0 | 0 |
_a155.2 _220 |
| 100 | 1 |
_aGiddens, Anthony. _911389 |
|
| 245 | 1 | 0 |
_aModernity and self-identity : _bself and society in the late modern age / _cAnthony Giddens. |
| 260 |
_aStanford, Calif. : _bStanford University Press, _c1991. |
||
| 300 |
_a256 p. ; _c23 cm. |
||
| 504 | _aIncludes bibliographical references (p. [232]-241 and index. | ||
| 650 | 0 |
_aSocial structure. _911390 |
|
| 650 | 0 |
_aIdentity (Psychology) _97491 |
|
| 650 | 0 |
_aSelf. _911391 |
|
| 650 | 0 |
_aCivilization, Modern _xPsychological aspects. _911392 |
|
| 856 | 4 | 2 |
_3Publisher description _uhttp://www.loc.gov/catdir/description/cam024/91065170.html |
| 856 | 4 | 1 |
_3Table of contents _uhttp://www.loc.gov/catdir/toc/cam026/91065170.html |
| 906 |
_a7 _bcbc _corignew _d2 _eopcn _f19 _gy-gencatlg |
||
| 942 |
_2ddc _cBK |
||